| 000 | 00553nam a2200193Ia 4500 | ||
|---|---|---|---|
| 003 | OSt | ||
| 005 | 20241128105129.0 | ||
| 008 | 210716s1967 xx 000 0 und d | ||
| 040 | _cAIMIT LIBRARY | ||
| 041 | _aeng | ||
| 082 |
_a808.83 _21 _bBELS |
||
| 100 |
_aBellow, Saul. _9187001 |
||
| 245 |
_aGreat Jewish short stories / _cBy Saul Bellow. |
||
| 250 | _a1st ed. | ||
| 260 |
_aNew York : _bDell Publishing Co ; _c1967. |
||
| 300 |
_a414p. ; _bPB _c16 cm. |
||
| 650 |
_aAlbert halper my aunt daisy _9187002 |
||
| 942 |
_2ddc _cBK _e1st ed. _k808.83 BELS |
||
| 999 |
_c200132 _d200132 |
||